[Event "ARG-ch 96th"]
[Site "Buenos Aires"]
[Date "2022.06.12"]
[Round "11"]
[White "De la Cruz Navarro, Martin Leonardo"]
[Black "Sanhueza, Cristian"]
[Result "0-1"]
[WhiteElo "1982"]
[BlackElo "2180"]
[PlyCount "58"]
[EventDate "2022.06.02"]
[EventType "swiss"]
[EventRounds "11"]
[EventCountry "ARG"]
[SourceTitle "EXT 2023"]
[Source "ChessBase"]
[SourceDate "2022.10.05"]
[SourceVersion "1"]
[SourceVersionDate "2022.10.05"]
[SourceQuality "1"]

1. Nf3 Nf6 2. g3 g6 3. Bg2 Bg7 4. d4 0-0 5. c4 d6 6. 0-0 Nc6 7. Nc3 Bf5 8. Re1 Ne4 9. Nh4 Nxc3 10. bxc3 Bd7 11. Rb1 Rb8 12. Ba3 b6 13. Qd3 Qc8 14. Nf3 Qa6 15. Bb4 Na5 16. Nd2 c5 17. Bxa5 Qxa5 18. e4 Rbc8 19. f4 Qa3 20. Nb3 Qxa2 21. e5 cxd4 22. cxd4 Bf5 23. Be4 Bxe4 24. Rxe4 d5 25. cxd5 Rc2 26. Qf1 Rg2+ 27. Kh1 Rxh2+ 28. Kg1 Rg2+ 29. Kh1 Rf2 0-1

[Event "Pan American-ch U12"]
[Site "Guayaquil"]
[Date "2019.07.24"]
[Round "6"]
[White "De la Cruz Navarro, Martin Leonardo"]
[Black "Pearl, Reagan"]
[Result "1-0"]
[WhiteElo "1869"]
[BlackElo "1508"]
[PlyCount "142"]
[EventDate "2019.07.21"]
[EventType "swiss"]
[EventRounds "9"]
[EventCountry "ECU"]
[SourceTitle "EXT 2020"]
[Source "ChessBase"]
[SourceDate "2019.10.17"]
[SourceVersion "1"]
[SourceVersionDate "2019.10.17"]
[SourceQuality "1"]

1. d4 Nf6 2. Bf4 c5 3. dxc5 g6 4. Nd2 Bg7 5. c3 0-0 6. e3 Nh5 7. Bg3 Nxg3 8. hxg3 Qc7 9. Ngf3 Qxc5 10. Be2 d6 11. Nb3 Qb6 12. Qd2 Nc6 13. 0-0 Bg4 14. Nbd4 Rac8 15. Nxc6 bxc6 16. Bd3 Rb8 17. Rab1 c5 18. Qc2 d5 19. b3 Qf6 20. Nh2 Be6 21. c4 dxc4 22. Bxc4 Bxc4 23. Qxc4 Qc3 24. Rbc1 Qxc4 25. Rxc4 Rfc8 26. Rfc1 Rb5 27. Nf3 h6 28. R1c2 a5 29. Nd2 f5 30. a4 Rbb8 31. Kf1 e6 32. Rxc5 Rxc5 33. Rxc5 g5 34. Ke2 Rd8 35. Rc2 Bf8 36. Nc4 Bb4 37. Ne5 Rd5 38. Nc6 Bd6 39. Rd2 Rxd2+ 40. Kxd2 Kf7 41. Kd3 Bc7 42. Kc4 g4 43. Kb5 e5 44. Kc4 Ke6 45. b4 axb4 46. Nxb4 h5 47. Nd3 Kd6 48. Kb5 Kd5 49. a5 Bxa5 50. Kxa5 Ke4 51. Nc5+ Kd5 52. Kb4 f4 53. exf4 exf4 54. Nd3 fxg3 55. fxg3 Ke4 56. Nf4 Ke3 57. Nxh5 Kf2 58. Kc4 Kxg2 59. Kd4 Kf3 60. Ke5 Ke3 61. Kf5 Kf3 62. Kg5 Ke4 63. Kxg4 Ke5 64. Kg5 Ke6 65. Kg6 Ke7 66. g4 Kf8 67. Kh7 Kf7 68. g5 Ke6 69. g6 Kf5 70. g7 Kg5 71. g8Q+ Kh4 1-0

[Event "Villa Ballester op 69th"]
[Site "Villa Ballester"]
[Date "2019.01.19"]
[Round "3"]
[White "Sotelo, Noe"]
[Black "De la Cruz Navarro, Martin Leonardo"]
[Result "1-0"]
[WhiteElo "2055"]
[BlackElo "1803"]
[PlyCount "61"]
[EventDate "2019.01.16"]
[EventType "swiss"]
[EventRounds "9"]
[EventCountry "ARG"]
[SourceTitle "CBM 188 Extra"]
[Source "ChessBase"]
[SourceDate "2019.02.26"]
[SourceVersion "1"]
[SourceVersionDate "2019.02.26"]
[SourceQuality "1"]

1. e4 c5 2. Nf3 e6 3. d4 cxd4 4. Nxd4 a6 5. c4 Nf6 6. Nc3 Qc7 7. a3 Be7 8. Be2 d6 9. f4 Nbd7 10. g4 Nb6 11. g5 Nfd7 12. Be3 Nf8 13. Rc1 Bd7 14. Qb3 Nc8 15. 0-0 Bc6 16. Nd5 Qd8 17. Nxc6 bxc6 18. Qb7 cxd5 19. Qxa8 dxe4 20. c5 dxc5 21. Rfd1 Nd7 22. Bxa6 0-0 23. Qxc8 Qa5 24. Qxd7 Qxa6 25. Qxe7 Qe2 26. Qxc5 Qg4+ 27. Kf1 Qh3+ 28. Ke1 Qh4+ 29. Bf2 Qxh2 30. Qxf8+ Kxf8 31. Bc5+ 1-0

[Event "Buenos Aires sf U2200 CARP"]
[Site "Buenos Aires"]
[Date "2018.10.21"]
[Round "5.4"]
[White "De la Cruz Navarro, Martin Leonardo"]
[Black "Berenstein, Gustavo"]
[Result "1-0"]
[WhiteElo "1740"]
[BlackElo "1704"]
[PlyCount "77"]
[EventDate "2018.10.20"]
[EventType "swiss"]
[EventRounds "6"]
[EventCountry "ARG"]
[SourceTitle "EXT 2024"]
[Source "ChessBase"]
[SourceDate "2023.10.10"]
[SourceVersion "1"]
[SourceVersionDate "2023.10.10"]
[SourceQuality "1"]

1. d4 Nf6 2. Nf3 g6 3. Bf4 Bg7 4. Nbd2 d6 5. e4 0-0 6. c3 Nfd7 7. Bc4 e5 8. Bg3 Nc6 9. Nf1 Kh8 10. Ne3 h6 11. 0-0 Kh7 12. Rb1 f5 13. exf5 gxf5 14. Bh4 Qe8 15. Nd5 Qh5 16. Nxc7 e4 17. Nxa8 exf3 18. Qxf3 Qxh4 19. Qg3 Qf6 20. Nc7 f4 21. Qd3+ Kh8 22. Ne6 Re8 23. Nxg7 Kxg7 24. Rfe1 Rxe1+ 25. Rxe1 Nb6 26. Bb3 Qg5 27. Bc2 Kf6 28. h4 Qg7 29. Re4 Nd5 30. Bb3 Nce7 31. Re1 Bf5 32. Qe2 Bh3 33. Bxd5 Nxd5 34. Qf3 Be6 35. c4 Nc7 36. Qxf4+ Kg6 37. Qxd6 Kh7 38. d5 Qf8 39. Qxf8 1-0

[Event "Pan American-ch U10"]
[Site "Santiago de Chile"]
[Date "2018.07.25"]
[Round "6"]
[White "Duong, Kevin"]
[Black "De la Cruz Navarro, Martin Leonardo"]
[Result "0-1"]
[WhiteElo "1576"]
[BlackElo "1732"]
[PlyCount "104"]
[EventDate "2018.07.22"]
[EventType "swiss"]
[EventRounds "9"]
[EventCountry "CHI"]
[SourceTitle "EXT 2022"]
[Source "ChessBase"]
[SourceDate "2021.10.06"]
[SourceVersion "1"]
[SourceVersionDate "2021.10.06"]
[SourceQuality "1"]

1. e4 c5 2. c3 e6 3. d4 d5 4. exd5 Qxd5 5. Nf3 Nf6 6. Be3 cxd4 7. cxd4 Nc6 8. Nc3 Qd6 9. Bc4 a6 10. Qd2 Be7 11. 0-0 b6 12. Rfd1 Na5 13. Bf4 Nxc4 14. Qc1 Qc6 15. b3 Nd6 16. Ne5 Qb7 17. Qe3 Nf5 18. Qd2 Bb4 19. a3 Ne4 20. Qc2 Bxc3 21. f3 Bxa1 22. fxe4 Bxd4+ 23. Kh1 Bxe5 24. Qd3 Qd7 25. Bxe5 Qxd3 26. Rxd3 Ne7 27. Bxg7 Rg8 28. Bf6 Bd7 29. h3 Rc8 30. e5 Nd5 31. Bh4 Rc3 32. Rd4 Bc6 33. b4 b5 34. Kg1 Rc4 35. Bf2 Rxd4 36. Bxd4 Nf4 37. Kf1 Bxg2+ 38. Ke1 Bxh3 39. Kf2 Bf5 40. Bb6 Nd3+ 41. Kf3 Nxe5+ 42. Kf4 Nc4 43. Ba5 Kd7 44. Kf3 h5 45. a4 h4 46. axb5 axb5 47. Bd8 Kxd8 48. Kf2 h3 49. Ke2 h2 50. Kf2 h1Q 51. Ke2 Rg2+ 52. Kf3 Qf1# 0-1

[Event "Pan American-ch U10"]
[Site "Santiago de Chile"]
[Date "2018.07.24"]
[Round "4"]
[White "Lavandeira, Juan Facundo"]
[Black "De la Cruz Navarro, Martin Leonardo"]
[Result "0-1"]
[WhiteElo "1449"]
[BlackElo "1732"]
[PlyCount "67"]
[EventDate "2018.07.22"]
[EventType "swiss"]
[EventRounds "9"]
[EventCountry "CHI"]
[SourceTitle "EXT 2022"]
[Source "ChessBase"]
[SourceDate "2021.10.06"]
[SourceVersion "1"]
[SourceVersionDate "2021.10.06"]
[SourceQuality "1"]

1. d4 d5 2. c4 e6 3. Nf3 f5 4. g3 Nf6 5. Bg2 c6 6. 0-0 Bd6 7. c5 Bc7 8. Nbd2 0-0 9. Nb3 Ne4 10. Nfd2 Nd7 11. f3 Nxd2 12. Bxd2 e5 13. Bc3 e4 14. fxe4 fxe4 15. Rxf8+ Qxf8 16. Nd2 Nf6 17. Qb3 Qe7 18. Qc2 Bg4 19. Re1 Rb8 20. Qa4 Ra8 21. b4 a6 22. e3 Rf8 23. Qc2 h5 24. Nf1 Nh7 25. a4 Ng5 26. Nd2 Nf3+ 27. Bxf3 Bxf3 28. Nxf3 Rxf3 29. Qe2 Qg5 30. Kh1 h4 31. Qg2 hxg3 32. Rf1 Qxe3 33. Rxf3 exf3 34. Qh3 0-1

[Event "ARG-ch U10"]
[Site "Villa Martelli"]
[Date "2018.02.10"]
[Round "4.1"]
[White "Lavandeira, Juan Facundo"]
[Black "De la Cruz Navarro, Martin Leonardo"]
[Result "0-1"]
[WhiteElo "1294"]
[BlackElo "1732"]
[PlyCount "50"]
[EventDate "2018.02.09"]
[EventType "swiss"]
[EventRounds "9"]
[EventCountry "ARG"]
[SourceTitle "EXT 2024"]
[Source "ChessBase"]
[SourceDate "2023.10.10"]
[SourceVersion "1"]
[SourceVersionDate "2023.10.10"]
[SourceQuality "1"]

1. d4 d5 2. c4 dxc4 3. e4 e5 4. Nf3 exd4 5. Qxd4 Qxd4 6. Nxd4 Bd7 7. Bxc4 Bb4+ 8. Bd2 Bxd2+ 9. Nxd2 Ne7 10. 0-0 0-0 11. Nb5 Bxb5 12. Bxb5 c6 13. Be2 Nd7 14. Rfd1 Rad8 15. Nb3 Ng6 16. Bg4 Nf6 17. Bf5 Ne5 18. f4 Nc4 19. e5 Rxd1+ 20. Rxd1 Nd5 21. e6 Nce3 22. exf7+ Kxf7 23. Be6+ Kxe6 24. Re1 Kf7 25. f5 Kg8 0-1